[Event "Varginha Mineiro-ch"]
[Site "Varginha"]
[Date "2019.11.17"]
[Round "6"]
[White "Bueno Filho, Julio Silvio de S"]
[Black "Castro, Daniel de Freitas"]
[Result "1/2-1/2"]
[WhiteElo "2031"]
[BlackElo "2042"]
[PlyCount "94"]
[EventDate "2019.11.14"]
[EventType "swiss"]
[EventRounds "7"]
[EventCountry "BRA"]
[SourceTitle "CBM 193 Extra"]
[Source "ChessBase"]
[SourceDate "2020.01.31"]
[SourceVersion "1"]
[SourceVersionDate "2020.01.31"]
[SourceQuality "1"]

1. d4 f5 2. g3 Nf6 3. Bg2 g6 4. c4 Bg7 5. Nc3 0-0 6. Nf3 d6 7. 0-0 e6 8. Re1 Ne4 9. Qb3 Nxc3 10. Qxc3 Nc6 11. e4 e5 12. dxe5 dxe5 13. Bg5 Qe8 14. Be3 f4 15. Bc5 Rf6 16. gxf4 Rxf4 17. Be3 Rxe4 18. Ng5 Rg4 19. h3 Rxg2+ 20. Kxg2 h6 21. Ne4 Qe6 22. Rh1 b6 23. c5 Nd4 24. Bxd4 exd4 25. Qb3 Qxb3 26. axb3 Bb7 27. f3 a5 28. b4 axb4 29. Rxa8+ Bxa8 30. cxb6 cxb6 31. Rc1 Bd5 32. Rc8+ Kf7 33. Rb8 d3 34. Rxb6 b3 35. Rd6 Be6 36. Rxd3 Bxb2 37. Nd2 Be5 38. Nxb3 g5 39. Nc5 Bf5 40. Ne4 Bf4 41. Ra3 h5 42. Ra6 Ke7 43. Nc3 Be6 44. Ne2 Bd5 45. Ng3 g4 46. Ra7+ Kf8 47. hxg4 hxg4 1/2-1/2

[Event "Varginha Mineiro-ch"]
[Site "Varginha"]
[Date "2019.11.16"]
[Round "4"]
[White "Gomes, Carlos Henrique Cal"]
[Black "Castro, Daniel de Freitas"]
[Result "0-1"]
[WhiteElo "1766"]
[BlackElo "2042"]
[PlyCount "74"]
[EventDate "2019.11.14"]
[EventType "swiss"]
[EventRounds "7"]
[EventCountry "BRA"]
[SourceTitle "CBM 193 Extra"]
[Source "ChessBase"]
[SourceDate "2020.01.31"]
[SourceVersion "1"]
[SourceVersionDate "2020.01.31"]
[SourceQuality "1"]

1. d4 f5 2. Nf3 Nf6 3. Bg5 e6 4. Nc3 Be7 5. Bxf6 Bxf6 6. e4 fxe4 7. Nxe4 b6 8. Bd3 Nc6 9. c3 Bb7 10. Qc2 Qe7 11. 0-0-0 0-0-0 12. Rhe1 g5 13. Nfd2 Rdf8 14. Kb1 Bg7 15. f3 h6 16. Nb3 Qf7 17. Qe2 Nd8 18. Ba6 Qg6 19. Bxb7+ Nxb7 20. Qd3 Qf5 21. Ka1 g4 22. fxg4 Qxg4 23. Qg3 Rf4 24. Qxg4 Rxg4 25. g3 Rf8 26. h3 Rg6 27. g4 Rf3 28. Nbd2 Rxh3 29. Rf1 Kd8 30. Rf7 Ke8 31. Rdf1 Rh2 32. Nf3 Kxf7 33. Ne5+ Kg8 34. Nxg6 Rg2 35. Nf2 Nd6 36. b3 Nb5 37. Nh4 Rg3 0-1

[Event "Varginha Mineiro-ch"]
[Site "Varginha"]
[Date "2019.11.14"]
[Round "1"]
[White "Castro, Daniel de Freitas"]
[Black "Mota, Marcos Antonio Pere"]
[Result "1-0"]
[WhiteElo "2042"]
[BlackElo "1642"]
[PlyCount "89"]
[EventDate "2019.11.14"]
[EventType "swiss"]
[EventRounds "7"]
[EventCountry "BRA"]
[SourceTitle "CBM 193 Extra"]
[Source "ChessBase"]
[SourceDate "2020.01.31"]
[SourceVersion "1"]
[SourceVersionDate "2020.01.31"]
[SourceQuality "1"]

1. e4 e6 2. d4 d5 3. Nd2 c5 4. exd5 exd5 5. Ngf3 Nf6 6. Bb5+ Bd7 7. Bxd7+ Nbxd7 8. 0-0 Be7 9. dxc5 Nxc5 10. Nd4 0-0 11. N2f3 Re8 12. Nf5 Qd7 13. N3d4 Bf8 14. Kh1 Re5 15. Ng3 Nce4 16. Bf4 Ng4 17. Kg1 Nxg3 18. Bxg3 Rg5 19. Re1 Bd6 20. Bxd6 Qxd6 21. Nf3 Rh5 22. h3 Qh6 23. Qd4 Nf6 24. Rad1 Qg6 25. Qd3 Ne4 26. c4 Rxh3 27. Rxe4 Rxf3 28. Qxd5 h5 29. Qxb7 Rf8 30. c5 Rf5 31. b4 h4 32. Rd3 Rg5 33. Ree3 f5 34. Rd6 Rf6 35. Rxf6 Qxf6 36. c6 Qa1+ 37. Kh2 Qf1 38. c7 Qxf2 39. c8Q+ Kh7 40. Qf3 Qxa2 41. Qcxf5+ Rxf5 42. Qxf5+ g6 43. Re7+ Kh6 44. Qf4+ g5 45. Qf6+ 1-0

[Event "Mineiro-ch"]
[Site "Belo Horizonte"]
[Date "2018.09.15"]
[Round "3"]
[White "Castro, Daniel de Freitas"]
[Black "Lage, Pedro Ferreira"]
[Result "0-1"]
[WhiteElo "2064"]
[BlackElo "1924"]
[PlyCount "62"]
[EventDate "2018.09.14"]
[EventType "swiss"]
[EventRounds "5"]
[EventCountry "BRA"]
[SourceTitle "CBM 187 Extra"]
[Source "ChessBase"]
[SourceDate "2018.11.04"]
[SourceVersion "1"]
[SourceVersionDate "2018.11.04"]
[SourceQuality "1"]

1. e4 e6 2. d4 d5 3. Nd2 c5 4. exd5 Qxd5 5. Ngf3 cxd4 6. Bc4 Qd6 7. 0-0 Nf6 8. Nb3 Nc6 9. Nbxd4 Nxd4 10. Nxd4 a6 11. c3 Qc7 12. Qe2 Bd6 13. Bg5 Bxh2+ 14. Kh1 Bf4 15. Bxe6 0-0 16. Bxc8 Bxg5 17. Bf5 Rfe8 18. Qf3 g6 19. Bc2 Rad8 20. Rfe1 Rxe1+ 21. Rxe1 Rxd4 22. cxd4 Qxc2 23. Re5 Qc1+ 24. Kh2 Bf4+ 25. g3 Bxe5 26. dxe5 Nd7 27. Qxb7 Nf8 28. Kg2 Qc4 29. b3 Qe6 30. a4 Nd7 31. f4 Nc5 0-1

[Event "Brazil Pocos de Caldas op"]
[Site "Pocos de Caldas"]
[Date "2018.03.04"]
[Round "5"]
[White "Castro, Daniel de Freitas"]
[Black "Mekhitarian, Krikor Sevag"]
[Result "0-1"]
[WhiteElo "2035"]
[BlackElo "2545"]
[PlyCount "58"]
[EventDate "2018.03.02"]
[EventType "swiss"]
[EventRounds "6"]
[EventCountry "BRA"]
[SourceTitle "CBM 183 Extra"]
[Source "ChessBase"]
[SourceDate "2018.04.19"]
[SourceVersion "1"]
[SourceVersionDate "2018.04.19"]
[SourceQuality "1"]

1. e4 c5 2. Nf3 Nc6 3. Bb5 g6 4. 0-0 Bg7 5. Re1 Nf6 6. e5 Nd5 7. Nc3 Nc7 8. Bxc6 dxc6 9. Ne4 Ne6 10. d3 0-0 11. a4 f6 12. exf6 exf6 13. a5 f5 14. Neg5 Re8 15. Ra4 Nc7 16. h4 Nd5 17. c3 Bd7 18. Nh3 Qf6 19. h5 gxh5 20. Rh4 Rxe1+ 21. Qxe1 Re8 22. Qd1 Qf7 23. c4 Nf6 24. Be3 Qe7 25. d4 Ng4 26. Bg5 Qe2 27. Qxe2 Rxe2 28. dxc5 Rxb2 29. Rxh5 Rb1+ 0-1

[Event "Pocos de Caldas op"]
[Site "Pocos de Caldas"]
[Date "2018.03.03"]
[Round "3"]
[White "Castro, Daniel de Freitas"]
[Black "Brienza, Amalio Coelho"]
[Result "1-0"]
[WhiteElo "2035"]
[BlackElo "1856"]
[PlyCount "77"]
[EventDate "2018.03.02"]
[EventType "swiss"]
[EventRounds "6"]
[EventCountry "BRA"]
[SourceTitle "CBM 183 Extra"]
[Source "ChessBase"]
[SourceDate "2018.04.19"]
[SourceVersion "1"]
[SourceVersionDate "2018.04.19"]
[SourceQuality "1"]

1. e4 e5 2. Nf3 Nc6 3. c3 Nf6 4. d3 Be7 5. Be2 0-0 6. 0-0 d5 7. Qc2 Bg4 8. b4 a6 9. a3 h6 10. Nbd2 Re8 11. Rd1 Bf8 12. Nf1 g6 13. Ng3 Bg7 14. Bb2 Qe7 15. a4 dxe4 16. dxe4 Rad8 17. b5 Rxd1+ 18. Bxd1 Nb8 19. Ba3 Qd7 20. Be2 axb5 21. axb5 c6 22. Rd1 Qc8 23. Rb1 Nbd7 24. h3 Bxf3 25. Bxf3 Bf8 26. Bc1 Nc5 27. h4 h5 28. Bg5 Nh7 29. Qd2 Ne6 30. Be3 Be7 31. bxc6 bxc6 32. Rb6 Rd8 33. Qa2 Nf6 34. Qc4 c5 35. Nf1 Nd7 36. Rxe6 fxe6 37. Qxe6+ Kf8 38. Bh6+ Ke8 39. Qxg6# 1-0

[Event "Belo Horizonte Mineiro-ch"]
[Site "Belo Horizonte"]
[Date "2015.11.22"]
[Round "6"]
[White "Castro, Daniel de Freitas"]
[Black "Gomes, Luiz Alexandre"]
[Result "1/2-1/2"]
[WhiteElo "1959"]
[BlackElo "2341"]
[PlyCount "145"]
[EventDate "2015.11.20"]
[EventType "swiss"]
[EventRounds "6"]
[EventCountry "BRA"]
[SourceTitle "CBM 169 Extra"]
[Source "ChessBase"]
[SourceDate "2015.12.18"]
[SourceVersion "1"]
[SourceVersionDate "2015.12.18"]
[SourceQuality "1"]

1. e4 c5 2. Nf3 Nc6 3. Nc3 e6 4. d4 cxd4 5. Nxd4 Qc7 6. Be3 a6 7. Qd2 d6 8. g4 h6 9. 0-0-0 Nf6 10. f3 Be7 11. h4 Ne5 12. Kb1 Bd7 13. Rh2 b5 14. g5 Nh5 15. Bd3 hxg5 16. hxg5 g6 17. Rdh1 Rc8 18. a3 Nc4 19. Bxc4 Qxc4 20. Qd3 Rf8 21. f4 b4 22. Qxc4 Rxc4 23. axb4 Rxb4 24. Nde2 Bc6 25. Rh3 Bxe4 26. Nxe4 Rxe4 27. c3 Kd7 28. Kc2 d5 29. Ra1 Ra8 30. Rf3 Bd6 31. b3 a5 32. Kd3 Bc7 33. c4 Rb8 34. cxd5 exd5 35. Rb1 Reb4 36. Kc2 Bd6 37. Bd2 R4b5 38. Ra1 Bc7 39. Nd4 Rc5+ 40. Kd3 Ng7 41. Ra3 Bd8 42. f5 gxf5 43. Nxf5 Ne6 44. Ne3 Nxg5 45. Rf5 Ke6 46. Rxd5 Rxd5+ 47. Nxd5 Kxd5 48. Bxg5 Bc7 49. Bd2 Rb5 50. Kc2 f5 51. Ra4 Kc6 52. b4 axb4 53. Rxb4 Rc5+ 54. Kd3 Ba5 55. Rd4 Bxd2 56. Kxd2 Re5 57. Rd3 Kc5 58. Re3 Rd5+ 59. Ke2 Kd6 60. Rd3 f4 61. Rxd5+ Kxd5 62. Kf3 Ke5 63. Kf2 Ke4 64. Ke2 Kf5 65. Kf3 Kg5 66. Kf2 Kg4 67. Kg2 Kh4 68. Kf3 Kg5 69. Kf2 Kg4 70. Kg2 f3+ 71. Kf2 Kf4 72. Kf1 Ke3 73. Ke1 1/2-1/2

[Event "Belo Horizonte Mineiro-ch"]
[Site "Belo Horizonte"]
[Date "2015.11.21"]
[Round "4"]
[White "Castro, Daniel de Freitas"]
[Black "Da Silva, Wagner Afonso"]
[Result "1/2-1/2"]
[WhiteElo "1959"]
[BlackElo "1957"]
[PlyCount "62"]
[EventDate "2015.11.20"]
[EventType "swiss"]
[EventRounds "6"]
[EventCountry "BRA"]
[SourceTitle "CBM 169 Extra"]
[Source "ChessBase"]
[SourceDate "2015.12.18"]
[SourceVersion "1"]
[SourceVersionDate "2015.12.18"]
[SourceQuality "1"]

1. e4 e5 2. Nf3 Nc6 3. c3 d6 4. Bc4 Na5 5. Be2 Nc6 6. d4 Be7 7. h3 Nf6 8. Bd3 0-0 9. a3 a5 10. 0-0 h6 11. Re1 Nh7 12. Nbd2 Ng5 13. Bc2 Bf6 14. dxe5 dxe5 15. Nc4 Qxd1 16. Bxd1 Nxf3+ 17. Bxf3 Be6 18. Ne3 Be7 19. Nd5 Bd6 20. Be3 f5 21. exf5 Bxf5 22. Be2 Kh8 23. Rad1 Rad8 24. Rd2 Be6 25. Red1 Ne7 26. Nxe7 Bxe7 27. Bf3 b6 28. Be4 Bb3 29. Rxd8 Rxd8 30. Rxd8+ Bxd8 31. Kf1 Kg8 1/2-1/2

[Event "Belo Horizonte Mineiro-ch"]
[Site "Belo Horizonte"]
[Date "2015.11.21"]
[Round "3"]
[White "Da Silva, Eduardo Batista Q"]
[Black "Castro, Daniel de Freitas"]
[Result "0-1"]
[WhiteElo "1890"]
[BlackElo "1959"]
[PlyCount "84"]
[EventDate "2015.11.20"]
[EventType "swiss"]
[EventRounds "6"]
[EventCountry "BRA"]
[SourceTitle "CBM 169 Extra"]
[Source "ChessBase"]
[SourceDate "2015.12.18"]
[SourceVersion "1"]
[SourceVersionDate "2015.12.18"]
[SourceQuality "1"]

1. d4 d5 2. c4 dxc4 3. Nf3 e6 4. e3 a6 5. Bxc4 c5 6. a4 Nf6 7. 0-0 Nc6 8. Nc3 cxd4 9. exd4 Nb4 10. Bg5 Be7 11. Re1 0-0 12. Qb3 Nc6 13. Qd1 Nb4 14. Qd2 b6 15. Ne5 Ra7 16. Na2 a5 17. Nc3 Nfd5 18. Bxe7 Rxe7 19. Nxd5 exd5 20. Bb5 Bf5 21. Rac1 Qb8 22. Nc6 Nxc6 23. Bxc6 Rxe1+ 24. Qxe1 Qd6 25. Bb5 Bd7 26. Bxd7 Qxd7 27. b3 Re8 28. Qc3 g6 29. h3 Re4 30. f3 Re8 31. Qc6 Qe7 32. Kh1 Qe3 33. Rc3 Qe1+ 34. Kh2 Re6 35. Qc8+ Kg7 36. Rc6 Re8 37. Qd7 Qe3 38. Rc7 Qf4+ 39. Kg1 Qxd4+ 40. Kh2 Qf4+ 41. Kg1 Re5 42. Rc8 Qg3 0-1

[Event "Mineiro-ch"]
[Site "Belo Horizonte"]
[Date "2015.09.06"]
[Round "5"]
[White "Castro, Daniel de Freitas"]
[Black "Duarte, Renato Cassio del G"]
[Result "0-1"]
[WhiteElo "1951"]
[BlackElo "2076"]
[PlyCount "84"]
[EventDate "2015.09.04"]
[EventType "swiss"]
[EventRounds "5"]
[EventCountry "BRA"]
[SourceTitle "EXT 2016"]
[Source "ChessBase"]
[SourceDate "2015.10.08"]
[SourceVersion "1"]
[SourceVersionDate "2015.10.08"]
[SourceQuality "1"]

1. e4 Nc6 2. d4 e5 3. d5 Nce7 4. Nf3 Ng6 5. g3 Nf6 6. Qe2 Bc5 7. Bg2 0-0 8. Nc3 c6 9. 0-0 cxd5 10. Nxd5 Nxd5 11. exd5 d6 12. Bd2 Bd7 13. b4 Bb6 14. c4 Qe7 15. a3 h6 16. Rfc1 f5 17. Ne1 e4 18. Bh3 Ne5 19. Be3 Bxe3 20. fxe3 Rac8 21. Rab1 b6 22. Bf1 Qg5 23. Rc3 h5 24. Ng2 Nf3+ 25. Kh1 Rf6 26. Qf2 Rh6 27. Nh4 Qf6 28. Rbc1 Ne5 29. Be2 g5 30. Ng2 Ng4 31. Qe1 Qe5 32. c5 bxc5 33. bxc5 dxc5 34. Rxc5 Rxc5 35. Rxc5 Rb6 36. Rc1 f4 37. exf4 Qd4 38. h3 Nf2+ 39. Kh2 h4 40. Rc4 hxg3+ 41. Kxg3 Rb3+ 42. Kh2 Rxh3+ 0-1

[Event "Mineiro-ch"]
[Site "Belo Horizonte"]
[Date "2015.09.06"]
[Round "4"]
[White "Crespo de Oliveira, Lucas"]
[Black "Castro, Daniel de Freitas"]
[Result "1-0"]
[WhiteElo "2171"]
[BlackElo "1951"]
[PlyCount "45"]
[EventDate "2015.09.04"]
[EventType "swiss"]
[EventRounds "5"]
[EventCountry "BRA"]
[SourceTitle "EXT 2016"]
[Source "ChessBase"]
[SourceDate "2015.10.08"]
[SourceVersion "1"]
[SourceVersionDate "2015.10.08"]
[SourceQuality "1"]

1. e4 e6 2. d4 d5 3. e5 c5 4. c3 Qb6 5. Nf3 Nc6 6. a3 f6 7. b4 cxd4 8. cxd4 fxe5 9. dxe5 Bd7 10. Bd3 Nh6 11. 0-0 Nf7 12. Re1 a5 13. b5 Nd4 14. Nc3 Nxf3+ 15. Qxf3 Qd4 16. Nxd5 Qxa1 17. Nc7+ Kd8 18. Qxb7 Rc8 19. Bg5+ Nxg5 20. Rxa1 Rxc7 21. Qa8+ Bc8 22. b6 Rc3 23. b7 1-0

[Event "Mineiro-ch"]
[Site "Belo Horizonte"]
[Date "2015.09.05"]
[Round "3"]
[White "Castro, Daniel de Freitas"]
[Black "Leao, Tales Braghini"]
[Result "1-0"]
[WhiteElo "1951"]
[BlackElo "2011"]
[PlyCount "73"]
[EventDate "2015.09.04"]
[EventType "swiss"]
[EventRounds "5"]
[EventCountry "BRA"]
[SourceTitle "EXT 2016"]
[Source "ChessBase"]
[SourceDate "2015.10.08"]
[SourceVersion "1"]
[SourceVersionDate "2015.10.08"]
[SourceQuality "1"]

1. e4 c5 2. Nf3 e6 3. d4 cxd4 4. Nxd4 Nc6 5. Nc3 Qc7 6. Be3 a6 7. Qd2 Nf6 8. f3 Bb4 9. a3 Ba5 10. g4 0-0 11. Nb3 Ne5 12. Be2 Bxc3 13. Qxc3 Qxc3+ 14. bxc3 d6 15. 0-0-0 Rd8 16. Bb6 Rd7 17. c4 Ng6 18. Rhe1 h6 19. Rd2 Nf4 20. Bf1 Kf8 21. h4 g5 22. hxg5 hxg5 23. Red1 Ke7 24. a4 Ne8 25. a5 Nf6 26. Rh2 Ng6 27. Rh6 Nf4 28. Rh8 Ng6 29. Rh6 Nf4 30. Rd2 Ng8 31. Rh8 Nf6 32. e5 Ne8 33. exd6+ Nxd6 34. Nc5 Ng6 35. Rg8 Ne8 36. Nxd7 Bxd7 37. Bc5+ 1-0

[Event "Belo Horizonte op"]
[Site "Belo Horizonte"]
[Date "2010.06.06"]
[Round "7"]
[White "Castro, Daniel de Freitas"]
[Black "Rodi, Luis Ernesto"]
[Result "0-1"]
[WhiteElo "1923"]
[BlackElo "2357"]
[PlyCount "30"]
[EventDate "2010.06.03"]
[EventType "swiss"]
[EventRounds "7"]
[EventCountry "BRA"]
[SourceTitle "CBM 137 Extra"]
[Source "ChessBase"]
[SourceDate "2010.09.01"]
[SourceVersion "1"]
[SourceVersionDate "2010.09.01"]
[SourceQuality "1"]

1. e4 e5 2. Nf3 Nc6 3. Bb5 a6 4. Ba4 Nf6 5. 0-0 b5 6. Bb3 Bb7 7. Re1 Bc5 8. c3 d6 9. d4 Bb6 10. Bg5 h6 11. Be3 0-0 12. Bc2 Ng4 13. Bc1 exd4 14. Nxd4 Qh4 15. Qf3 Bxd4 0-1

[Event "Caxambu op"]
[Site "Caxambu"]
[Date "2009.11.01"]
[Round "4.4"]
[White "Palmeira, Pedro Alberto Marti"]
[Black "Castro, Daniel de Freitas"]
[Result "1/2-1/2"]
[WhiteElo "1982"]
[BlackElo "1907"]
[PlyCount "117"]
[EventDate "2009.10.30"]
[EventType "swiss"]
[EventRounds "7"]
[EventCountry "BRA"]
[SourceTitle "EXT 2022"]
[Source "ChessBase"]
[SourceDate "2021.10.06"]
[SourceVersion "1"]
[SourceVersionDate "2021.10.06"]
[SourceQuality "1"]

1. Nf3 d5 2. d4 c5 3. c3 cxd4 4. cxd4 Nf6 5. Nc3 a6 6. e3 Nc6 7. Bd3 Bg4 8. h3 Bh5 9. 0-0 e6 10. Bd2 Bd6 11. Re1 0-0 12. g4 Bg6 13. Bxg6 hxg6 14. Rc1 Rc8 15. Ng5 e5 16. e4 dxe4 17. d5 Nb4 18. Ncxe4 Rxc1 19. Bxc1 Nbxd5 20. Qb3 Bb8 21. Qxb7 Qa5 22. Rd1 Qxa2 23. Nxf6+ Nxf6 24. Be3 Qa4 25. Rd2 Qc4 26. b4 Bc7 27. Kg2 Rd8 28. Rxd8+ Bxd8 29. Qb8 Qc7 30. Qa8 Qd6 31. Qc8 Nh7 32. Ne4 Qd5 33. f3 Nf8 34. Qxa6 f5 35. Nc5 Be7 36. Qd3 Qa2+ 37. Bf2 Bh4 38. Qb3+ Qxb3 39. Nxb3 Bxf2 40. Kxf2 Kf7 41. Nc5 Ke7 42. g5 Kd6 43. Ke3 Kc6 44. Kd3 Kd5 45. h4 Ne6 46. Nxe6 Kxe6 47. Kc4 Kd6 48. b5 f4 49. b6 Kc6 50. b7 Kxb7 51. Kd5 Kc7 52. Kxe5 Kd7 53. Kxf4 Ke6 54. Ke4 Kd6 55. Kf4 Ke6 56. Kg4 Ke5 57. h5 gxh5+ 58. Kxh5 Kf5 59. g6 1/2-1/2

[Event "Caxambu op"]
[Site "Caxambu"]
[Date "2009.10.31"]
[Round "3.3"]
[White "Castro, Daniel de Freitas"]
[Black "Chang, Suzana"]
[Result "1/2-1/2"]
[WhiteElo "1907"]
[BlackElo "2048"]
[PlyCount "157"]
[EventDate "2009.10.30"]
[EventType "swiss"]
[EventRounds "7"]
[EventCountry "BRA"]
[SourceTitle "EXT 2022"]
[Source "ChessBase"]
[SourceDate "2021.10.06"]
[SourceVersion "1"]
[SourceVersionDate "2021.10.06"]
[SourceQuality "1"]

1. e4 c5 2. Nf3 e6 3. g3 Nc6 4. Bg2 Nge7 5. 0-0 d6 6. c3 g6 7. d4 cxd4 8. cxd4 d5 9. Nc3 Bg7 10. exd5 Nxd5 11. Nxd5 Qxd5 12. Ne5 Qb5 13. a4 Qa6 14. Bf4 0-0 15. Nxc6 bxc6 16. Be5 Rd8 17. Qc2 Bd7 18. Rfc1 Qa5 19. Qc5 Qxc5 20. Rxc5 Bxe5 21. dxe5 Rdc8 22. Rd1 Be8 23. b4 Rab8 24. Rd4 Rb6 25. Kf1 Rcb8 26. Rcc4 a5 27. bxa5 Rb2 28. Bxc6 Bxc6 29. Rxc6 Ra2 30. Rc7 Ra8 31. Rdd7 Rf8 32. a6 Rxa4 33. a7 Ra5 34. Rb7 Kg7 35. Kg2 g5 36. g4 Ra4 37. Kg3 Ra3+ 38. f3 Ra4 39. h4 h6 40. Rd6 Ra8 41. Rdd7 Rf8 42. h5 Ra3 43. Rd6 Ra8 44. Rdd7 Rf8 45. Kg2 Ra2+ 46. Kh3 Ra3 47. Kg3 Ra4 48. Rd6 Ra8 49. Rxe6 R4xa7 50. Rg6+ Kh7 51. Rgb6 Rxb7 52. Rxb7 Kg8 53. Rb6 Kg7 54. e6 Ra7 55. Rd6 fxe6 56. Rxe6 Rf7 57. Rg6+ Kh7 58. Kf2 Rf8 59. Rd6 Rf7 60. Ke3 Rf4 61. Rd7+ Kg8 62. Re7 Kh8 63. Re4 Rf6 64. Re5 Rf4 65. Rf5 Ra4 66. f4 gxf4+ 67. Rxf4 Ra1 68. Ke4 Kg7 69. Ke5 Ra5+ 70. Kd6 Ra6+ 71. Ke7 Ra7+ 72. Kd6 Ra6+ 73. Kc7 Ra7+ 74. Kc6 Ra6+ 75. Kb5 Rd6 76. Re4 Kf6 77. Kc4 Kg5 78. Kc5 Rf6 79. Kd4 1/2-1/2

[Event "Caxambu op"]
[Site "Caxambu"]
[Date "2009.10.31"]
[Round "2.3"]
[White "Castro, Daniel de Freitas"]
[Black "Fontoura, Rogerio Lemos"]
[Result "1-0"]
[WhiteElo "1907"]
[BlackElo "2062"]
[PlyCount "89"]
[EventDate "2009.10.30"]
[EventType "swiss"]
[EventRounds "7"]
[EventCountry "BRA"]
[SourceTitle "EXT 2022"]
[Source "ChessBase"]
[SourceDate "2021.10.06"]
[SourceVersion "1"]
[SourceVersionDate "2021.10.06"]
[SourceQuality "1"]

1. e4 e5 2. Nf3 Nc6 3. Bb5 Nf6 4. d3 d6 5. c3 Be7 6. Nbd2 0-0 7. 0-0 Bd7 8. Re1 Re8 9. Nf1 Bf8 10. Bg5 h6 11. Bd2 g6 12. Qc2 Bg7 13. a4 Be6 14. a5 a6 15. Ba4 Nd7 16. d4 exd4 17. Bxc6 d3 18. Qxd3 bxc6 19. b4 c5 20. Rab1 f5 21. exf5 Bxf5 22. Qd5+ Kh7 23. Rxe8 Qxe8 24. Re1 Qd8 25. Ne3 Nf6 26. Qc4 Be4 27. Ng4 Bxf3 28. gxf3 Nd7 29. Qf7 Ne5 30. Qd5 c6 31. Qe4 d5 32. Qe2 Nc4 33. Bc1 Qf8 34. Kg2 h5 35. Ne3 Bxc3 36. Rg1 Ne5 37. bxc5 Qf6 38. f4 Nd7 39. f5 Rg8 40. Kf1 Qh4 41. fxg6+ Rxg6 42. Rxg6 Qh3+ 43. Rg2 d4 44. Qd3+ Kh8 45. Qg6 1-0